Kim loại: Tự làm thí nghiệm vui
Gespeichert in:
| 1. Verfasser: | |
|---|---|
| Format: | Buch |
| Sprache: | Undetermined |
| Veröffentlicht: |
Tp. HCM
Trẻ
1999
|
| Schlagworte: | |
| Tags: |
Tag hinzufügen
Keine Tags, Fügen Sie den ersten Tag hinzu!
|
| Thư viện lưu trữ: | Trung tâm Học liệu Trường Đại học Cần Thơ |
|---|
| LEADER | 00562nam a2200169Ia 4500 | ||
|---|---|---|---|
| 001 | CTU_34624 | ||
| 008 | 210402s9999 xx 000 0 und d | ||
| 082 | |a 372.35 | ||
| 082 | |b M485 | ||
| 100 | |a Robert C Mebane | ||
| 245 | 0 | |a Kim loại: Tự làm thí nghiệm vui | |
| 245 | 0 | |c Robert C Mebane, Thomas R Rybolt; Biên soạn: Quý Điềm | |
| 260 | |a Tp. HCM | ||
| 260 | |b Trẻ | ||
| 260 | |c 1999 | ||
| 650 | |a chemistry - laboratory manuals,chemistry - study and teaching ( secondary ) | ||
| 980 | |a Trung tâm Học liệu Trường Đại học Cần Thơ | ||